000 00866nam a22002055i 4500
001 154608
003 ES-MaACL
005 20241030182137.0
008 980416s1894 sp |||| | spa d
100 1 _aGonzález Serrano, U.,
_d1848-1904
_958968
245 1 0 _aEn pro y en contra :
_b(críticas) /
_cpor U. González Serrano.
260 _aMadrid :
_bLibrería de Victoriano Suárez,
_c[1894] (
_fTip. Sucesores de Rivadeneyra)
300 _aVIII, 359, 20 p. ;
_c20 cm.
530 _aDisponible en formato digital.
852 _aES-MaACL
_jF-7424
_z- Enc. pasta española
856 _uhttp://bdh-rd.bne.es/viewer.vm?id=0000250620&page=1
_zBiblioteca Digital Hispánica
856 _uhttp://ciconia.gobex.es/biblioteca/es/consulta/registro.cmd?id=4487
_zBiblioteca Digital del Patrimonio Cultural de Extremadura
942 _2udc
999 _c154608
_d154608